000 02199nam a22002177a 4500
003 0
005 20241028091626.0
008 241028b xxu||||| |||| 00| 0 eng d
020 _a9781032370347
050 _aTR 891
_b.B76 2024
100 _aBrown, Blain,
_eauthor.
245 _aMotion picture and video lighting :
_bfor cinematographers, gaffers, and lighting technicians /
_cBlain Brown.
250 _a4th ed.
260 _aNew York, NY :
_bRoutledge,
_c2024.
300 _axii, 328 p. :
_bcol. ill. ;
_c26 cm.
504 _aIncludes bibliographical references and index.
520 _a"This fully revised and updated fourth edition of Motion Picture and Video Lighting explores the technical, aesthetic, and practical aspects of lighting for film and video. It covers not only how to light, but also why. Written by experienced author and filmmaker Blain Brown, this book emphasizes how the image, the mood, and the visual impact of a film are, to a great extent, determined by the skill and sensitivity of the director of photography in using lighting. It provides an indispensable, highly illustrated and comprehensive guide to making every scene look its best. Key topics include: Lighting sources, the lighting process, lighting basics, LED, tungsten, Kino-Flo, HMI, and plasma lights, methods of controlling light, planning your lighting, the basic methods: a lighting playbook, visual storytelling with light, understanding and controlling color, terminology, electricity and distribution, gripology, set operations, the team: DP, gaffer, grips, lighting technicians, technical issues, lighting for greenscreen/bluescreen, typical equipment orders for large and small jobs, lighting for high speed and macro photography, lighting plans for small, medium, and large films. This new edition has also been expanded to provide further guidance at the introductory level for students and those just starting in their careers. A robust accompanying companion website also includes up-to-date video tutorials and other resources for students and professionals alike"--Provided by publisher.
650 _aCinematography
_vLighting.
650 _aVideo recording
_vLighting.
942 _2lcc
_cBK
999 _c366638
_d366638